Normal view
MARC view
Entry Personal Name
001 - CONTROL NUMBER
- control field: 1236643
003 - CONTROL NUMBER IDENTIFIER
- control field: OSt
005 - DATE AND TIME OF LATEST TRANSACTION
- control field: 20260430150148.0
008 - FIXED-LENGTH DATA ELEMENTS
- fixed length control field: 260430|| aca||aabn | a|a d
040 ## - CATALOGING SOURCE
- Original cataloging agency: OSt
- Transcribing agency: OSt
100 ## - HEADING--PERSONAL NAME
- Personal name: Aeijaz Tanvir Au.; Singh Ujjwal Kumar Gu
670 ## - SOURCE DATA FOUND
- Source citation: Work cat.: (OSt)1849103: Aeijaz Tanvir Au.; Singh Ujjwal Kumar Gu., Accountability in public private partnership: a study of select health care centres in Dlhi, 2021
